| 000 | 00985nam a2200277 i 4500 | ||
|---|---|---|---|
| 001 | 000009337 | ||
| 003 | DO-SdBNP | ||
| 005 | 20240826125436.0 | ||
| 007 | ta | ||
| 008 | 090929s1992 dr ab 001 0 spa d | ||
| 040 |
_aDO-SdBNP _bspa _cBNPHU _erda |
||
| 049 | _aBNPD | ||
| 082 | 4 |
_bG643r _222 |
|
| 100 | 1 |
_aGonzález, Geraldino, _d1957- _eautor _920628 |
|
| 245 | 1 | 0 |
_aRios y arroyos de la República Dominicana : _b¿quiénes los han matado? / _cGeraldino González; prólogo, Cesar A. Batista Valdespina. |
| 264 |
_aSanto Domingo : _bEducativa Dominicana, _c1992. |
||
| 300 |
_a287 páginas: _bilustraciones ; mapas ; _c21 cm. |
||
| 336 |
_2rdacontent _atexto _btxt |
||
| 337 |
_2rdamedia _asin mediación _bn |
||
| 338 |
_2rdacarrier _avolumen _bnc |
||
| 500 | _aIncluye datos biográficos del autor en la contracubierta | ||
| 504 | _aBibliografía : p. 286-287 | ||
| 590 | _aInventariado, 2024/BT | ||
| 700 | 1 |
_aBatista Valdespina, Cesar A., _eprólogo _924089 |
|
| 942 |
_2ddc _cLBS1 |
||
| 999 |
_c9097 _d9097 |
||